| 000 | 00490nam a2200169Ia 4500 | ||
|---|---|---|---|
| 999 |
_c30784 _d30784 |
||
| 003 | OSt | ||
| 005 | 20200730111356.0 | ||
| 008 | 190216s9999||||xx |||||||||||||| ||und|| | ||
| 040 | _coclc | ||
| 082 |
_a512.8 _bNAR/M |
||
| 100 |
_aNarayanan, S _93828 |
||
| 245 | 0 |
_aModern Algebra / _cS Narayanan ; T K Manicavachagom Pillay |
|
| 260 |
_bViswanathan S, _c1982. _aChennai: |
||
| 300 | _a455p | ||
| 650 | _aMathematics | ||
| 942 |
_cBK _2ddc _h512.8 _iNAR/M _k512.8 _mNAR/M |
||